LIBRARY & INFORMATION CENTRE, KCAET, TAVANUR

ONLINE PUBLIC ACCESS CATALOGUE (OPAC)

Energy: potential alternative resource / (Record no. 13217)

MARC details
000 -LEADER
fixed length control field 00373cam a2200145ua 4500
003 - CONTROL NUMBER IDENTIFIER
control field OSt
008 - FIXED-LENGTH DATA ELEMENTS--GENERAL INFORMATION
fixed length control field 241101b |||||||| |||| 00| 0 eng d
041 ## - LANGUAGE CODE
Language code of text/sound track or separate title eng
082 ## - DEWEY DECIMAL CLASSIFICATION NUMBER
Classification number 621.47
Item number JOG/EN
100 ## - MAIN ENTRY--AUTHOR NAME
Personal name Jogi, Kripal Singh .
245 ## - TITLE STATEMENT
Title Energy: potential alternative resource /
260 ## - PUBLICATION, DISTRIBUTION, ETC. (IMPRINT)
Place of publication New Delhi :
Name of publisher Sarup & Sons ,
Year of publication 2006.
300 ## - PHYSICAL DESCRIPTION
Number of Pages 488 ; .
942 ## - ADDED ENTRY ELEMENTS (KOHA)
Koha item type Books
Holdings
Withdrawn status Lost status Damaged status Home library Current library Shelving location Date acquired Full call number Accession Number Koha item type
      KAUAET KAUAET Shelf- 7A 07/04/2012 621.47 JOG/EN 21722 Books
free website counter